000 015590000a22003250004500
003 EG-GICUC
005 20250223025000.0
008 070811s2007 ua a f m 000 0 eng d
040 _aEG-GICUC
_beng
_cEG-GICUC
041 0 _aEng
049 _aDeposite
097 _aM.Sc
099 _aCai01.13.08.M.Sc.2007.Ah.A
100 0 _aAhmed Mohamed Hamdy Mostafa Elokda
245 1 0 _aAugmented integrated routing algorithm for guaranteed bandwidth connections in IP\\MPLS over WDM Network /
_cAhmed Mohamed Hamdy Mostafa Elokda ; Supervised Khaled Mohamed Fouad Elsayed
246 1 5 _aخوارزم تحديد المسار المحسن المتكامل للمكالمات مضمونة السعة فى شبكات نقل البروتوكولات المتعددة عبر تقسيم الطول الموجى
260 _aCairo :
_bAhmed Mohamed Hamdy Mostafa Elokda ,
_c2007
300 _a81P. :
_bill. ;
_c30cm
502 _aThesis (M.Sc.) - Cairo University - Faculty Of Engineering - Department Of Electronics and Communications
520 _aRouting in IP\\MPLS over WDM networks has been typically separated into routing at IP laer taking only IP layer information into account and wave length routing at the optical layer taking only optical network information into account
530 _aIssued also as CD
653 4 _aIP
653 4 _aMPLS
653 4 _aWDM
700 0 _aKhaled Mohamed Fouad Elsayed ,
_eSupervisor
856 _uhttp://172.23.153.220/th.pdf
905 _aEsam
_eRevisor
905 _aNazla
_eCataloger
942 _2ddc
_cTH
999 _c3143
_d3143